[Event "Montigny le Bretonneux op 22nd"]
[Site "Montigny le Bretonneux"]
[Date "2018.05.13"]
[Round "7"]
[White "Harang, Mathurin"]
[Black "Pelletier, Noe"]
[Result "0-1"]
[WhiteElo "1099"]
[BlackElo "1180"]
[PlyCount "46"]
[EventDate "2018.05.10"]
[EventType "swiss"]
[EventRounds "9"]
[EventCountry "FRA"]
[SourceTitle "CBM 184 Extra"]
[Source "ChessBase"]
[SourceDate "2018.06.28"]
[SourceVersion "1"]
[SourceVersionDate "2018.06.28"]
[SourceQuality "1"]

1. e4 e5 2. Bc4 Nf6 3. Nf3 Bc5 4. 0-0 0-0 5. d3 Nc6 6. Nc3 d6 7. Bd2 Bg4 8. Bg5 Nd4 9. Nd5 Nxf3+ 10. Kh1 Nxh2 11. Qe1 Nxf1 12. Nxf6+ gxf6 13. Qxf1 fxg5 14. a3 c6 15. b4 Bd4 16. Ra2 d5 17. Bb3 f5 18. exd5 cxd5 19. f3 Bh5 20. c4 dxc4 21. dxc4 g4 22. c5+ Kh8 23. a4 Qh4# 0-1